000338325 001__ 338325
000338325 005__ 20250524173044.0
000338325 0247_ $$aG:(DE-Ds200)BMBF-05P21RFFCA$$dBMBF-05P21RFFCA
000338325 035__ $$aG:(DE-Ds200)BMBF-05P21RFFCA
000338325 150__ $$aVerbundprojekt 05P2021 (ErUM-FSP T06) - Aufbau von CBM bei FAIR: ErUM-Forschungsschwerpunkt (FSP)$$y2021-07-01 - 2024-06-30
000338325 372__ $$a05P21RFFCA$$s2021-07-01$$t2024-06-30
000338325 450__ $$a05P21RFFCA$$wd$$y2021-07-01 - 2024-06-30
000338325 5101_ $$0I:(DE-588b)5309538-8$$aBundesministerium für Bildung und Forschung$$bBMBF
000338325 5101_ $$0I:(DE-H253)PT-20120731$$aProjektträger DESY$$bPT.DESY
000338325 909CO $$ooai:juser.fz-juelich.de:1005988$$pauthority$$pauthority:GRANT
000338325 909CO $$ooai:juser.fz-juelich.de:1005988
000338325 909CO $$ooai:juser.fz-juelich.de:1005988
000338325 980__ $$aG
000338325 980__ $$aAUTHORITY